| 000 | 00472nam a2200169Ia 4500 | ||
|---|---|---|---|
| 008 | 230718s9999 xx 000 0 und d | ||
| 020 | _a9781935707073 | ||
| 041 | _aeng | ||
| 082 |
_a510.76 _bMAN |
||
| 100 | _aManhattan GRE | ||
| 245 |
_aQuantitative Comparisons And Data Interpretation _bGRE Math Preparation Guide 6 |
||
| 260 |
_c2010 _bMG Prep, Inc. |
||
| 300 | _a192 | ||
| 365 |
_cRs. _b936.00 |
||
| 700 | _aManhattan GRE | ||
| 906 |
_dB:254430-Aug-2011 _cMECH _b234 |
||
| 999 |
_c328633 _d328633 |
||